000 00925cam a2200289 i 4500
999 _c7657
_d7657
001 7657
003 BD-JhCC
005 20180212183056.0
008 800207s1980 caua b 001 0 eng
020 _a0534008321
035 _a(BD-JhCC)7657
040 _aDLC
_cDLC
_dDLC
_dBD-JhCC
041 _aeng
050 0 0 _aLB3051
_b.S267 1980
082 0 0 _a371.2/6
_219
_bSAX 1980
100 1 _aSax, Gilbert.
245 1 0 _aPrinciples of educational and psychological measurement and evaluation /
_cGilbert Sax.
250 _a2d ed.
260 _aBelmont, Calif. :
_bWadsworth Pub. Co.,
_cc1980.
300 _axv, 688 p. :
_bill. ;
_c24 cm.
500 _aFirst ed. published in 1974 under title: Principles of educational measurement and evaluation.
500 _aIncludes index.
504 _aBibliography: p. [647]-667.
650 0 _aEducational tests and measurements
_zUnited States.
942 _2ddc
_cBK